| 000 | 00656nam a22001937a 4500 | ||
|---|---|---|---|
| 005 | 20250805163242.0 | ||
| 010 | _aENG-146366-367 | ||
| 020 |
_a9789361832765 _c350.00 |
||
| 035 | _aEN-129898-899 | ||
| 037 | _bDBAD | ||
| 082 |
_a921 _21 |
||
| 245 |
_aReader on Arun Sharma/ _cEdited and Compiled by Namrata Pathak |
||
| 250 | _a1 | ||
| 260 |
_aNew Delhi _bSahitya Akademi _c2024 |
||
| 270 |
_aRabindra Bhawan, 35 Ferozshah Road _bNew Delhi _e110001 _k011-23386626 _k011-23386627 _k011-23386628 _msecretary@sahitya-akaemi.gov.in |
||
| 300 |
_a266p. ; _c23cm(Hb) |
||
| 700 |
_aPathak, Namrata _eEditor _983816 |
||
| 942 |
_2ddc _cEN _h921 _mREA |
||
| 999 |
_c212891 _d212891 |
||